003620000a22001210004500090001700000245009100017041001400108700002600122100002200148942001300170773004000183999001700223 aASbSeriadas10aArtrópodos hematófagos del río Raposo, Valle, Colombia: I, Aspectos ecológicos0 aEspañol1 aBarreto, Pablo9989691 aLee, V. H.999224 cARTICULO1 tCaldasia345h49q385-406d1969g10 c14655d14655